000 00325nam a2200133 a 4500
005 20140513081054.0
008 031023s19uu xx 00 eng d
050 _aVCD
_bPo739 1999
245 _aPocahontas.
260 _bWalt Disney Home Video,
_c1999.
440 _aWalt Disney Classic
650 _aMovie
999 _c116426
_d116426